Statistics for The Silver Scream - movie to song

Click here to take the quiz!

General Stats

  • This quiz has been taken 38 times
  • The average score is 10 of 13

Answer Stats

SongMovie% Correct
Thank God It's FridayFriday the 13th
97%
The American NightmareA Nightmare on Elm Street
90%
The Jig Is UpSaw
90%
IT Is The EndIt
87%
Stabbing In The DarkHalloween
83%
Rocking The BoatJaws
83%
Enjoy Your SlayThe Shining
80%
SAVAGESThe Texas Chain Saw Massacre
73%
The World In My HandsEdward Scissorhands
70%
Merry Axe-MasSilent Night, Deadly Night
70%
A Grave MistakeThe Crow
70%
Love BitesAn American Werewolf in London
63%
Freak FlagThe Devil's Rejects
63%

Score Distribution

Percentile by Number Answered

Percent of People with Each Score

Your Score History

You have not taken this quiz